1630 1111 1065 1881 1045 1391 1904 1949 1426 1269 1484 1344 1224 1019 1496 1150 1102 1089 1793 1243 1837 1976 1343 1603 1155 1192 1113 1573 1269 1640 1441 1891 1050 1713 1950 1681 1590 1526 1581 1702 1001 1374 1431 1453 1539 1465 1882 1524 1334 1776 1191 1070 1113 1714 1725 1429 1310 1841 1750 1441 1385 1269 1260 1199 1029 1880 1432 1002 1545 1238 1133 1996 1470 1184 1128 1510 1531 1781 1573 1386 1957 1824 1215 1933 1544 1030 1838 1119 1862 1528 1929 1504 1818 1250 1265 1993 1902 1610 1643 BCNSPRNW ULIB Ver.6.0+V

เปลี่ยนเป็นภาษาไทย

Change to English
 แสดงรายละเอียดบรรณานุกรม
  กลับหน้าหลัก

Brief Record : Get Marc (ISO 2709) : E-mail record : QR code < ปิดหน้าต่าง
LEADER : 00000nas 2200000uu 4500
001    13399125913
003     ULIB
008    170927s2560||||th 000 0 tha d
022 0  ^a01257021
245 00 ^aวารสารพยาบาลศาสตร์และสุขภาพ=Journal of Nursing Science and Health/^bคณะพยาบาลศาสตร์ มหาวิทยาลัยขอนแก่น
310    ^aรายสามเดือน
850 ^a ULIB^bปีที่ 40 ฉบับที่ 2 ฉ.1 ;ปีที่ 40 ฉบับที่ 3 ฉ.1 ;ปีที่ 40 ฉบับที่ 4 ฉ.1
945    ^p0^l0^i904646
945    ^p0^l0^i904740
945    ^p0^l0^i904876
999    ^aประนอม เกษจรัล
รายการนี้ยังไม่มีแท็ก
คุณยังไม่ได้ล็อกอิน คุณสามารถมีกิจกรรมร่วมกับเว็บไซต์ได้ แต่ต้องล็อกอินก่อน ::
  ล็อกอิน

รายการสื่อสารสนเทศ (วารสาร)

ดูแบบ: กล่อง รายการ
ARRIVED
ปีที่ 40 ฉบับที่ 2 ฉ.1
สถานที่: ห้องสมุดวิทยาเขตสวรรค์ประชารักษ์ >หนังสือพิมพ์
ARRIVED
ปีที่ 40 ฉบับที่ 3 ฉ.1
สถานที่: ห้องสมุดวิทยาเขตสวรรค์ประชารักษ์ >วารสาร
ARRIVED
ปีที่ 40 ฉบับที่ 4 ฉ.1
สถานที่: ห้องสมุดวิทยาเขตสวรรค์ประชารักษ์ >หนังสือพิมพ์

BibComment


ยังไม่เคยถูกคอมเมนท์

คอมเมนท์ทรัพยากรรายการนี้
  คอมเมนท์: วารสารพยาบาลศาสต..


 Copyright 2026. Bcnsprnw @Library